| 000 | 01849nam2a2200373 4500 | ||
|---|---|---|---|
| 001 | RU\NLR\bibl\331566 | ||
| 005 | 20260407074407.0 | ||
| 010 |
_a5-7262-0401-8 _9210 |
||
| 021 |
_aRU _b2002-35973 _91752 |
||
| 035 | _a(NLR Aleph) 000326533 | ||
| 090 |
_a130258 _c130258 |
||
| 100 | _a20021016d2002 |||y0rusy50 ca | ||
| 101 | 0 | _arus | |
| 102 | _aRU | ||
| 105 | _aa ||||||||| | ||
| 200 | 1 |
_aИнновационные проекты, студенческие идеи, проекты, предложения. Экономика и управление _fКонф. "Молодежь и наука" |
|
| 210 |
_d2002 _aБ. м. |
||
| 215 |
_a148 с. _cил. |
||
| 320 | _aБиблиогр. в конце тр. | ||
| 320 | _aИмен. указ. авт. ст.: с. 147-148 | ||
| 461 | 0 |
_1001RU\NLR\bibl\345690 _12001#$aНаучная сессия МИФИ-2002$vТ. 11 _9213527 _aМосковский государственный инженерно-физический институт. Научная сессия (2002) _cМ. _d2002 _fМ-во образования Рос. Федерации и др. _nМИФИ _oСб. науч. тр. _tНаучная сессия МИФИ-2002 _vТ. 11 |
|
| 606 | 0 |
_aЭкономика _jСъезды, совещания и т.п. _91414491 _3RU\NLR\auth\66284709 |
|
| 610 | 0 | _aЭкономика | |
| 675 |
_a338.2(082) _v3 _zrus |
||
| 686 |
_a06.75 _2rugasnti |
||
| 686 |
_a65.05 _2rubbk |
||
| 686 | _aУ.я431 | ||
| 711 | 1 | 2 |
_a"Молодежь и наука", московская международная телекоммуникационная конф. студентов и молодых ученых _d5 _f2002 _3RU\NLR\AUTH\8810038434 _9575738 |
| 801 | 0 |
_aRU _bRKP _c20021016 _gPSBO |
|
| 801 | 1 |
_aRU _bRKP _c20021016 |
|
| 801 | 2 |
_aRU _bNLR _c20021226 _grcr |
|
| 942 | _cBOOK | ||
| 980 | _aNB | ||